000 00294nam a22001337a 4500
008 170615b xxu||||| |||| 00| 0 eng d
020 _a08133007953
041 _aeng
080 _a32
100 _a19
101 _aSHP
245 _aWORLD-SYSTEM PERSPECTIVE
_cSHANNON, TH.R
942 _2udc
_cBK
999 _c17563
_d17563